| 000 | 00535nam a2200205 a 4500 | ||
|---|---|---|---|
| 001 | 24229 | ||
| 003 | CO-ViMGA | ||
| 008 | 141112s2004 ck r 000 u spa d | ||
| 020 | _a9788434233508 | ||
| 040 |
_aCO-ViMGA _bspa _cCO-ViMGA |
||
| 082 | 0 | 4 | _a787.87 H837c |
| 100 | 1 |
_aHunter, David _935342 |
|
| 245 | 1 | 0 | _aCurso Completo de Guitarra Acustica |
| 250 | _a2 | ||
| 260 |
_aEspaña : _bParramón, _c2005 |
||
| 300 | _a252 p. | ||
| 650 | 1 | 4 |
_aGuitarra - Enseñanza _935343 |
| 650 | 1 | 4 |
_aGuitarra - Historia _935344 |
| 942 |
_2ddc _cBK |
||
| 999 |
_c32234 _d32234 |
||